Normal view
MARC view
Entry Personal Name
001 - CONTROL NUMBER
- control field: 248580
003 - CONTROL NUMBER IDENTIFIER
- control field: OSt
005 - DATE AND TIME OF LATEST TRANSACTION
- control field: 20251210095856.0
008 - FIXED-LENGTH DATA ELEMENTS
- fixed length control field: 251210|| aca||aabn | a|a d
040 ## - CATALOGING SOURCE
- Original cataloging agency: OSt
- Transcribing agency: OSt
100 ## - HEADING--PERSONAL NAME
- Personal name: Agarwal B R
670 ## - SOURCE DATA FOUND
- Source citation: Work cat.: (OSt)107637: Agarwal B R, Major trends in the post independence indian english fiction, 2000